Viceversa: Black Conversations (Record no. 12160)

000 -LEADER
fixed length control field 00342 a2200133 4500
005 - DATE AND TIME OF LATEST TRANSACTION
control field 20231223125915.0
008 - FIXED-LENGTH DATA ELEMENTS--GENERAL INFORMATION
fixed length control field 231223b ||||| |||| 00| 0 eng d
020 ## - INTERNATIONAL STANDARD BOOK NUMBER
International Standard Book Number 9788862423489
082 ## - DEWEY DECIMAL CLASSIFICATION NUMBER
Classification number 720
100 ## - MAIN ENTRY--PERSONAL NAME
Personal name GIOVANNI CORBELLINI
245 ## - TITLE STATEMENT
Title Viceversa: Black Conversations
260 ## - PUBLICATION, DISTRIBUTION, ETC. (IMPRINT)
Name of publisher, distributor, etc LetteraVentidue Edizioni srl
Date of publication, distribution, etc 2019
942 ## - ADDED ENTRY ELEMENTS (KOHA)
Source of classification or shelving scheme
Holdings
Withdrawn status Lost status Source of classification or shelving scheme Damaged status Koha normalized classification for sorting Not for loan Permanent location Current location Date acquired Source of acquisition Cost, normal purchase price Full call number Barcode Date last seen Cost, replacement price Price effective from Koha item type
        720_000000000000000   BMS College of Architecture, Design and Planning BMS College of Architecture, Design and Planning 2023-12-23 10 1075.31 720 AR-UG3509 2023-12-23 1536.15 2023-12-23 UG Books
Copyright © 2025, The Librarian, Library and Information Centre, BMSCA D&P, Bengaluru. All Rights Reserved
web counter

Powered by Koha